Fluid physics for oceanographers and physicists : (Record no. 25694)

MARC details
000 -LEADER
fixed length control field 01333cam a2200349 i 4500
001 - CONTROL NUMBER
control field 1186865
003 - CONTROL NUMBER IDENTIFIER
control field EG-ScBUE
005 - DATE AND TIME OF LATEST TRANSACTION
control field 20250521082056.0
008 - FIXED-LENGTH DATA ELEMENTS--GENERAL INFORMATION
fixed length control field 970318s1996 enka f b 001 0 eng d
020 ## - INTERNATIONAL STANDARD BOOK NUMBER
International Standard Book Number 0750629584
020 ## - INTERNATIONAL STANDARD BOOK NUMBER
International Standard Book Number 9780750629584
040 ## - CATALOGING SOURCE
Original cataloging agency EG-ScBUE
Language of cataloging eng
Description conventions rda
Transcribing agency EG-ScBUE
Modifying agency EG-ScBUE
082 04 - DEWEY DECIMAL CLASSIFICATION NUMBER
Edition number 22
Classification number 532.051
Item number ELD
100 1# - MAIN ENTRY--PERSONAL NAME
Personal name Elder, Samuel A.,
Relator term author.
245 10 - TITLE STATEMENT
Title Fluid physics for oceanographers and physicists :
Remainder of title an introduction to incompressible flow /
Statement of responsibility, etc Samuel A. Elder, Physics Department, US Naval Academy, Annapolis, Maryland, USA, Jerome Williams, Oceanography Department, US Naval Academy, Annapolis, Maryland, USA.
250 ## - EDITION STATEMENT
Edition statement Second edition.
264 #1 - PUBLICATION, DISTRIBUTION, ETC. (IMPRINT)
Place of publication, distribution, etc Oxford :
Name of publisher, distributor, etc Butterworth-Heinemann,
Date of publication, distribution, etc 1996.
300 ## - PHYSICAL DESCRIPTION
Extent xiii, 395 pages :
Other physical details illustrations ;
Dimensions 24 cm
336 ## - CONTENT TYPE
Source rdacontent
Content type term text
Content type code txt
337 ## - MEDIA TYPE
Media type term unmediated
Source rdamedia
Media type code n
338 ## - CARRIER TYPE
Carrier type term volume
Carrier type code nc
Source rdacarrier
500 ## - GENERAL NOTE
General note Authors' names reversed on previous ed.
504 ## - BIBLIOGRAPHY, ETC. NOTE
Bibliography, etc Includes bibliographical references and index.
650 #7 - SUBJECT ADDED ENTRY--TOPICAL TERM
Topical term or geographic name as entry element Fluids.
Source of heading or term BUEsh
9 (RLIN) 6331
650 #7 - SUBJECT ADDED ENTRY--TOPICAL TERM
Topical term or geographic name as entry element Fluid mechanics.
Source of heading or term BUEsh
9 (RLIN) 5179
650 #7 - SUBJECT ADDED ENTRY--TOPICAL TERM
Topical term or geographic name as entry element Oceanography.
Source of heading or term BUEsh
650 #7 - SUBJECT ADDED ENTRY--TOPICAL TERM
Topical term or geographic name as entry element Dynamic meteorology.
Source of heading or term BUEsh
9 (RLIN) 7406
653 ## - INDEX TERM--UNCONTROLLED
Resource For college Generalities
Arrived date list November2017
655 ## - INDEX TERM--GENRE/FORM
Form subdivision Reading book
700 1# - ADDED ENTRY--PERSONAL NAME
Personal name Williams, Jerome,
Dates associated with a name 1926-
Relator term author.
942 ## - ADDED ENTRY ELEMENTS (KOHA)
Source of classification or shelving scheme Dewey Decimal Classification
Koha item type Book - Borrowing
Holdings
Withdrawn status Lost status Source of classification or shelving scheme Damaged status Not for loan Collection code Home library Current library Shelving location Date acquired Total Checkouts Full call number Barcode Date last seen Price effective from Koha item type
    Dewey Decimal Classification     Baccah Central Library Central Library First floor 29/11/2017   532.051 ELD 000042591 15/07/2025 29/11/2017 Book - Borrowing